• 首页
  • 本馆介绍
  • 公告通知
  • 最新文献
  • 馆藏检索
  • 电子资源
  • 读者导购
  • 参考咨询
  • 我的图书馆
  • 登录
  • 详细信息显示
  • 放入我的书架
  • 预约/预借图书
  • 作者相关作品
  • 分类相关作品
  • 丛书相关作品
  • 出版社相关作品

书目信息

  • 表格格式
  • 工作单格式
  • 卡片格式
题名:
蔬菜农药高效科学施用技术指导手册
    
 
作者: 郑永权 主编
分册:  
出版信息: 北京   中国农业科学技术出版社  2014
页数: 69页
开本: 21cm
丛书名:
单 册:
中图分类: S436.3
科图分类:
主题词: 蔬菜--病虫害--农药施用--手册 , 蔬菜 , 病虫害 , 农药施用
电子资源:
ISBN: 978-7-5116-1616-6
000 00959nam0 2200277 450
001 012015000133
005 20151130093813.35
010    @a978-7-5116-1616-6@dCNY22.00
100    @a20140727d2014 em y0chiy50 ea
101 0  @achi
102    @aCN@b110000
105    @aa z 000yy
106    @ar
200 1  @a蔬菜农药高效科学施用技术指导手册@Ashu cai nong yao gao xiao ke xue shi yong ji shu zhi dao shou ce@f郑永权主编
210    @a北京@c中国农业科学技术出版社@d2014
215    @a69页@c图@d21cm
300    @a国家公益性行业(农业)科研专项
330    @a本书作为项目的研究成果、系统概括了蔬菜农作物主要病虫害的识别特征、不同防治技术等内容。内容包括:农药喷雾、农药剂型与农药施用、黄瓜霜霉病和白粉病防治等。
606 0  @a蔬菜@x病虫害@x农药施用@j手册
606 0  @a蔬菜
606 0  @a病虫害
606 0  @a农药施用
690    @aS436.3@v5
701  0 @a郑永权@Azheng yong quan@4主编
801  0 @aCN@b碧洲教育@c20151127
905    @a10447@f4@dS436.3@e111
    
    蔬菜农药高效科学施用技术指导手册/郑永权主编.-北京:中国农业科学技术出版社,2014
    69页:图;21cm
    国家公益性行业(农业)科研专项
    
    ISBN 978-7-5116-1616-6:CNY22.00
    本书作为项目的研究成果、系统概括了蔬菜农作物主要病虫害的识别特征、不同防治技术等内容。内容包括:农药喷雾、农药剂型与农药施用、黄瓜霜霉病和白粉病防治等。
●
相关链接 在E读中查询图书 在五车中查询图书 在当当中查询图书 在豆瓣中查询图书


正题名:蔬菜农药高效科学施用技术指导手册     索取号:S436.3/111         预约/预借

序号 登录号 条形码 馆藏地/架位号 状态 备注
1 0871895   208718958   第二样本阅览室/ [索取号:S436.3/111] 在馆    
2 0871896   208718967   密集书库-生命科学系/ [索取号:S436.3/111] 在馆    
3 0871897   208718976   第三借阅区/ [索取号:S436.3/111] 在馆    
4 0871898   208718985   第三借阅区/ [索取号:S436.3/111] 在馆    
唐山师范学院图书馆 欢迎您!
大连网信软件有限公司© 版权所有